Τζάζ

Αποθηκεύτηκε σε:
Λεπτομέρειες βιβλιογραφικής εγγραφής
Κύριος συγγραφέας: Morrison, Toni
Άλλοι συγγραφείς: Σχινά, Κατερίνα (trlf)
Μορφή: Βιβλίο
Γλώσσα:Greek
English
Δημοσίευση: Αθήνα : Νεφέλη, 1994.
Σειρά:Ξένη λογοτεχνία (Νεφέλη)
Θέματα:
Ετικέτες: Προσθήκη ετικέτας
Δεν υπάρχουν, Καταχωρήστε ετικέτα πρώτοι!

MARC

LEADER 00000cam a2200000 i 4500
001 1/32242
008 960730s1994 gr | ||| |||| ||gre||
020 |a 9602111712 
035 |1 ΕΛΗ  |a 1996  |b 2507  |c ΒΙΒΛΙΟΘΗΚΗ  |l 10039046 
040 |a GR-MY-UA  |b gre  |e aacr 
041 1 |a gre  |h eng 
082 0 |a 813. 
100 1 |a Morrison, Toni. 
245 1 0 |a Τζάζ /   |c Τόνι Μόρρισον ; μετάφραση Κατερίνα Σχινά.  
260 |a Αθήνα :   |b Νεφέλη,   |c 1994.  
300 |a 278 σ. ;   |c 21 εκ.  
490 1 |a (Νεφέλη / Ξένη Λογοτεχνία)  
500 |a Τίτλος πρωτοτύπου: Jazz 
650 0 0 |a American fiction. 
700 1 |a Σχινά, Κατερίνα,  |e trlf 
830 0 |a Ξένη λογοτεχνία (Νεφέλη) 
852 |a INST  |b SAMOS  |e 19960730  |h 813 MOR  |p 005300009423  |q 005300009423  |t BK  |y 0 
901 |a BIBL-1997-1 
909 |a Σ  |b 041697